Normal view
MARC view
- HUCKERT, JESSE
Entry Personal Name
001 - CONTROL NUMBER
- control field: 57013
003 - CONTROL NUMBER IDENTIFIER
- control field: NUST
005 - DATE AND TIME OF LATEST TRANSACTION
- control field: 20210628201830.0
008 - FIXED-LENGTH DATA ELEMENTS
- fixed length control field: 210628|| aca||aabn | a|a d
040 ## - CATALOGING SOURCE
- Original cataloging agency: NUST
- Transcribing agency: NUST
100 ## - HEADING--PERSONAL NAME
- Personal name: HUCKERT, JESSE
670 ## - SOURCE DATA FOUND
- Source citation: Work cat.: (NUST): HUCKERT, JESSE, ASME HANDBOOK ENGINEERING TABLES, 1956
